| 000 | 00384nam a2200181Ia 4500 | ||
|---|---|---|---|
| 005 | 20251203155348.0 | ||
| 020 | _a9780323393218 | ||
| 050 | _aQM 25 .N48/ | ||
| 100 | _aNetter, Frank H. | ||
| 245 | 0 | _aAtlast of Human anatomy | |
| 250 | _a7th ed. | ||
| 260 | _aPhiladelphia | ||
| 260 | _bElsevier | ||
| 260 | _c2019 | ||
| 300 | _a531 p | ||
| 650 | _aAnatomy | ||
| 942 |
_cBK _2lcc |
||
| 999 |
_c44043 _d44043 |
||